Tennis Homme et Femme - Vainqueur en grand chelem - Statistiques

Statistiques générales
  • Ce quiz a été pris 139 fois
    4 depuis la dernière actualisation
  • Le résultat moyen est 23 sur 67
Statistiques - réponses
Nombre Sexe Nationalité Joueur % Correct
24 H Serbe Djokovic
100%
20 H Suisse Federer
100%
3 H Britannique Murray
100%
22 H Espagnole Nadal
100%
4 H Italienne Sinner
100%
8 H Américaine Agassi
75%
7 H Espagnole Alcaraz
75%
11 H Suédoise Borg
75%
6 H Suédoise Edberg
75%
22 F Allemande Graf
75%
7 H Américaine McEnroe
75%
14 H Américaine Sampras
75%
23 F Américaine Serena Williams
75%
3 F Australienne Barty
50%
8 H Américaine Connors
50%
4 H Américaine Courier
50%
2 F Française Mauresmo
50%
7 F Américaine Venus Williams
50%
3 H Suisse Wawrinka
50%
7 H Suédoise Wilander
50%
3 H Américaine Ashe
25%
6 H Allemand Becker
25%
3 F Américaine Capriati
25%
4 F Belge Clijsters
25%
3 F Américaine Davenport
25%
18 F Américaine Evert
25%
2 F Américaine Gauff
25%
7 F Australienne Goolagong
25%
2 F Roumaine Halep
25%
7 F Belge Henin
25%
2 H Australienne Hewitt
25%
5 F Suisse Hingis
25%
2 H Russe Kafelnikov
25%
3 F Allemande Kerber
25%
8 F Américaine King
25%
3 H Brésilienne Kuerten
25%
5 H Australienne Laver
25%
8 H Tchécoslovaque Lendl
25%
2 H Chinoise Li Na
25%
2 F Espagnole Muguruza
25%
18 F Américaine Navrátilová
25%
5 H Australienne Newcombe
25%
4 F Japonaise Osaka
25%
2 H Australienne Rafter
25%
4 H Australienne Rosewall
25%
2 F Kazakh Rybakina
25%
4 F Biélorusse Sabalenka
25%
2 H Russe Safin
25%
4 F Espagnole Sánchez
25%
9 F Américaine Seles
25%
5 F Russe Sharapova
25%
2 H Américaine Smith
25%
6 F Polonaise Świątek
25%
4 H Argentine Vilas
25%
2 F Américaine Austin
0%
2 F Biélorusse Azarenka
0%
2 H Espagnole Bruguera
0%
3 H Tchécoslovaque Kodeš
0%
2 F Tchèque Krejčíková
0%
2 H Sud-africaine Kriek
0%
2 F Russe Kuznetsova
0%
2 F Tchèque Kvitová
0%
4 F Tchécoslovaque Mandlíková
0%
2 H Roumaine Nãstase
0%
2 F Française Pierce
0%
11 F Australienne Smith Court
0%
3 F Britannique Wade
0%
Aucun quiz correspondant
Distribution des résultats
% des personnes avec chaque résultat
Percentile par nombre de réponses
Votre historique - résultats
Vous n’avez pas pris ce quiz depuis la dernière actualisation